000 00928 a2200253 4500
001 41213
005 20260407155706.0
008 260407a2007 arg spa d
003 AR-UNSa-BCEJYS
040 _aAR-UNSa-BCEJYS
_bspa
_cAR-UNSa-BCEJYS
080 _a347.736
_xQuiebra. Insolvencia. Suspensión de pagos. Bancarrota, procedimientos. Derecho Concursal
245 1 0 _aModificación a la ley de concursos y quiebras
_pLey 26.086 - comentada
020 _a978-950-894-577-8
264 1 _aBuenos Aires :
_bAD-HOC
_c2007
300 _a117 p.
_c23 cm.
505 _a1. Ley 26.086. Modificación de la Ley de Concursos y Quiebras -
041 _aspa
942 _cBK
590 _aniveau_biblio:m niveau_hierar:0
100 1 _aCastro, Gonzalo D.
700 1 _aGrispo, Jorge Daniel
700 1 _aZambelli, Yamila D.
856 4 1 _uhttps://biblioeco.unsa.edu.ar/pmb/images/libros/L126440.jpg
_yImagen de portada
_qimage/jpeg
999 _c3426
_d3426